00349 a2200121 4500003000500000005001700005040000900022082000800031245006900039260003200108650006400140651002300204Nust20170207170422.0 cNust a799 aEmp of AD in All Ops of War by Maj Farrukh,Photographs-2015bMCS aRawalpindibMCSc07-01-2015 aEmp of AD in All Ops of War by Maj Farrukh,Photographs-2015 aSweet Memories-MCS